| 000 | 00785nam a2200217 a 4500 | ||
|---|---|---|---|
| 003 | 0 | ||
| 005 | 20250205143601.0 | ||
| 008 | 130829s19uu xx 00 eng d | ||
| 050 |
_aPGS GV 706.5 _b.M491 2013 |
||
| 100 | _aMedina, Giuliana S. | ||
| 245 |
_aSports involvement and study habits / _cGiuliana S. Medina. |
||
| 260 |
_aLas PiƱas City, Philippines : _bSouthville International School and Colleges, _c2013. |
||
| 300 |
_a33 p. : _bill. ; _c28 cm. |
||
| 504 | _aIncludes bibliographical references. | ||
| 650 |
_aSchool sports _vEducational aspects. |
||
| 650 |
_aSports _vPsychological aspects. |
||
| 650 |
_aSports participation _vEffect on students. |
||
| 650 | _aStudy habits. | ||
| 650 |
_aAcademic achievement _vEffect of sports participation on. |
||
| 942 |
_2lcc _cPASS |
||
| 999 |
_c99018 _d99018 |
||